Catálogo
 En Linea

Cristóbal Colón : (Registro nro. 42861)

Detalles MARC
000 -CABECERA
campo de control de longitud fija 00692nam a2200193 a 4500
001 - NÚMERO DE CONTROL
campo de control 000043372
005 - FECHA Y HORA DE LA ÚLTIMA TRANSACCIÓN
campo de control 20201002040845.0
008 - DATOS DE LONGITUD FIJA--INFORMACIÓN GENERAL
campo de control de longitud fija 140311s1989 sp af 001 0 spa d
020 ## - NÚMERO INTERNACIONAL ESTÁNDAR DEL LIBRO
Número Internacional Estándar del Libro 8472324826
040 ## - FUENTE DE LA CATALOGACIÓN
Centro catalogador/agencia de origen DO-SdBNP
Lengua de catalogación spa
Centro/agencia transcriptor BNPHU
100 1# - ENTRADA PRINCIPAL--NOMBRE DE PERSONA
Nombre de persona Manzano Manzano, Juan
9 (RLIN) 34860
245 10 - MENCIÓN DE TÍTULO
Título Cristóbal Colón :
Resto del título siete años decisivos de su vida 1485-1492 /
Mención de responsabilidad, etc. Juan Manzano Manzano.
250 ## - MENCIÓN DE EDICIÓN
Mención de edición 2a. ed.
260 ## - PUBLICACIÓN, DISTRIBUCIÓN, ETC.
Lugar de publicación, distribución, etc. Madrid, :
Nombre del editor, distribuidor, etc. Agencia Española de Cooperación Internacional,
Fecha de publicación, distribución, etc. 1989.
300 ## - DESCRIPCIÓN FÍSICA
Extensión 612 p. :
Otras características físicas il., lam. ;
Dimensiones 26 cm.
500 ## - NOTA GENERAL
Nota general Incluye notas a pie de páginas
500 ## - NOTA GENERAL
Nota general Incluye índice de láminas
500 ## - NOTA GENERAL
Nota general Incluye índice onómastico, toponímico y bibliográfico
Existencias
Estado de retiro Estado de pérdida Restricciones de uso No para préstamo Código de colección Localización permanente Ubicación/localización actual Ubicación en estantería Fecha de adquisición Número de inventario Total de préstamos Signatura topográfica completa Código de barras Fecha visto por última vez Precio válido a partir de Tipo de ítem Koha
        Monografías: Libros y Folletos General General Orden iniciada 11.03.2014 LF1   43372-10 25.06.2020 25.06.2020 No se presta

Con tecnología Koha